000 00217nam a2200097 4500
999 _c531409
_d531409
040 _cDLC
082 _a954.91
_bASH
100 _aCol. (R) Ashfaq Hussain
_924090
245 _aGentleman Astaghfirullah
942 _2ddc
_cBK